00481nam a2200145Ia 4500008004100000020001800041041000800059082001600067100001400083245004300097250001000140260005300150999001900203952011300222230717s9999 xx 000 0 und d a81-200-0384-5 aeng a344.01bKUM aKumar H.L aLabour Management Forms And Precedents a10ed. aNew DelhibMetropolitan Book Co. Pvt. Ltd.c2004 c670583d670583 011040708LLBaNLPbNLPd1983-03-31g35.00l0o344.01 KUMpNLP-N01411r2023-07-17 00:00:00w2023-07-17yBK